Öntözés ma és holnap

Elmentve itt :
Bibliográfiai részletek
Szerző: Csepi József
Dokumentumtípus: Cikk
Megjelent: 1962-11-03
Sorozat:Délmagyarország 52 No. 258
Kulcsszavak:Víz- és csatornaügy korszerűsítés Szeged 1962, Mezőgazdaság öntözés 1962, öntözés, növényvédelem
Online Access:http://dmarchiv.bibl.u-szeged.hu/68007
LEADER 00541nab a2200157 i 4500
001 delm68007
005 20180927153803.0
008 180927s1962 hu o 0|| hun d
040 |a SZTE Délmagyarország Archívum  |b hun 
041 |a hun 
100 1 |a Csepi József 
245 1 0 |a Öntözés ma és holnap  |h [elektronikus dokumentum] /  |c  Csepi József 
260 |c 1962-11-03 
300 |a 3 
490 0 |a Délmagyarország  |v 52 No. 258 
695 |a Víz- és csatornaügy korszerűsítés Szeged 1962, Mezőgazdaság öntözés 1962, öntözés, növényvédelem